Word Spires: 'CL' and 'CR' Quiz Stats

 Plays Quiz Updated Jun 6, 2018

Score 0/20 Timer 04:00
0 Plays Today
Word % Correct
clay
97.9%
climax
94.8%
clarinet
91.9%
cloud
91.9%
cleaver
87.7%
crossword
83.7%
clementine
83.5%
crematorium
77.7%
crumb
73.2%
clandestine
70.6%
Word % Correct
crouch
70%
crowbar
69.3%
crop
69.3%
crustacean
66%
clairvoyance
57.3%
claustrophobe
54.2%
clipboard
53%
cryptography
45.6%
crevasse
45.4%
craftsmanship
35.1%

You're not logged in!

Compare scores with friends on all Sporcle quizzes.
OR
Log In

Sporcle TV

Today on Sporcle TV


Watch our educational content, quiz creation guides, and fun videos on Sporcle TV.

Show Comments

Extras

Top Quizzes Today


Score Distribution

Your Account Isn't Verified!

In order to create a playlist on Sporcle, you need to verify the email address you used during registration. Go to your Sporcle Settings to finish the process.

Report this User

Report this user for behavior that violates our Community Guidelines.

Details: